ბათუმის შოთა რუსთაველის სახელმწიფო უნივერსიტეტის ბიბლიოთეკა

Теория и механизмы современного государственного управления. (ბიბ.ჩანაწერი № 44540)

000 -LEADER
fixed length control field 00882nam a2200253Ia 4500
001 - CONTROL NUMBER
control field 11343
003 - CONTROL NUMBER IDENTIFIER
control field GE_BSU
008 - FIXED-LENGTH DATA ELEMENTS--GENERAL INFORMATION
fixed length control field 181216s||||||||xx |||||||||||||| ||und||
020 ## - INTERNATIONAL STANDARD BOOK NUMBER
International Standard Book Number 9785991622660
040 ## - CATALOGING SOURCE
Transcribing agency GE_BSU
080 ## - UNIVERSAL DECIMAL CLASSIFICATION NUMBER
Universal Decimal Classification number 351/354(075.8)
100 ## - MAIN ENTRY--PERSONAL NAME
Personal name Охотский,Е.В.
245 ## - TITLE STATEMENT
Title Теория и механизмы современного государственного управления.
245 ## - TITLE STATEMENT
Remainder of title Учебно-методический комплекс.
260 ## - PUBLICATION, DISTRIBUTION, ETC.
Place of publication, distribution, etc. Москва.
260 ## - PUBLICATION, DISTRIBUTION, ETC.
Name of publisher, distributor, etc. Издательство Юрайт.
260 ## - PUBLICATION, DISTRIBUTION, ETC.
Date of publication, distribution, etc. 2013.
300 ## - PHYSICAL DESCRIPTION
Extent 701стр;22см.
300 ## - PHYSICAL DESCRIPTION
Accompanying material Библиогр стр.606-608
520 ## - SUMMARY, ETC.
Summary, etc. Мгимо(у)МИД России.
653 ## - INDEX TERM--UNCONTROLLED
Uncontrolled term Теория и механизмы современного государственного управления.
942 ## - ADDED ENTRY ELEMENTS (KOHA)
Koha item type წიგნი
ეგზემპლარები
Withdrawn status Lost status Damaged status Not for loan Date acquired Barcode Date last seen Price effective from Koha item type
        2018-12-17 35400 2018-12-17 2018-12-17 წიგნი